Online
Catalog

Los navíos de la ilustración : (Record no. 17614)

MARC details
000 -CABECERA
campo de control de longitud fija 00879cam a2200229 a 4500
001 - NÚMERO DE CONTROL
campo de control 000018092
005 - FECHA Y HORA DE LA ÚLTIMA TRANSACCIÓN
campo de control 20240226144327.0
008 - DATOS DE LONGITUD FIJA--INFORMACIÓN GENERAL
campo de control de longitud fija 860227s1970 sp 001 0 spa d
040 ## - FUENTE DE LA CATALOGACIÓN
Centro catalogador/agencia de origen DO-SdBNP
Lengua de catalogación spa
Centro/agencia transcriptor DLC
Centro/agencia modificador BNPHU
082 ## - NÚMERO DE LA CLASIFICACIÓN DECIMAL DEWEY
Número de clasificación 987
Número de documento/Ítem B325n
049 ## - FONDOS LOCALES (OCLC)
Fondos de biblioteca BNGR
100 1# - ENTRADA PRINCIPAL--NOMBRE DE PERSONA
Nombre de persona Basterra, Ramón de,
Fechas asociadas al nombre 1888-1928.
9 (RLIN) 39218
245 14 - MENCIÓN DE TÍTULO
Título Los navíos de la ilustración :
Resto del título una empresa del siglo XVIII /
Mención de responsabilidad, etc. Ramón de Basterra ; prólogo Guillermo Díaz-Plaja.
260 ## - PUBLICACIÓN, DISTRIBUCIÓN, ETC.
Lugar de publicación, distribución, etc. Madrid, España :
Nombre del editor, distribuidor, etc. Ediciones Cultura Hispánica,
Fecha de publicación, distribución, etc. 1970.
300 ## - DESCRIPCIÓN FÍSICA
Extensión 293 p. ;
Dimensiones 22 cm.
504 ## - NOTA DE BIBLIOGRAFÍA, ETC.
Nota de bibliografía, etc. Incluye referencias bibliográficas
504 ## - NOTA DE BIBLIOGRAFÍA, ETC.
Nota de bibliografía, etc. Incluye notas al pie de las páginas.
651 #4 - PUNTO DE ACCESO ADICIONAL DE MATERIA--NOMBRE GEOGRÁFICO
Nombre geográfico Venezuela
Subdivisión general Historia
Subdivisión cronológica SIGLO XVIII
9 (RLIN) 39219
610 24 - PUNTO DE ACCESO ADICIONAL DE MATERIA--NOMBRE DE ENTIDAD CORPORATIVA
Nombre de entidad corporativa o nombre de jurisdicción como elemento de entrada REAL COMPAÑIA GUIPUZCOANA DE CARACAS
9 (RLIN) 39220
700 1# - PUNTO DE ACCESO ADICIONAL--NOMBRE DE PERSONA
Nombre de persona Díaz-Plaja, Guillermo,
Fechas asociadas al nombre 1909-1984
Término indicativo de función/relación pról.
9 (RLIN) 16967
910 ## - DATOS DE OPCIÓN DEL USUARIO (OCLC)
Datos de opción del usuario Catalogación por copia / LC
Holdings
Estado de retiro Estado de pérdida Restricciones de uso No para préstamo Código de colección Localización permanente Ubicación/localización actual Ubicación en estantería Fecha de adquisición Número de inventario Total de préstamos Signatura topográfica completa Código de barras Fecha visto por última vez Precio válido a partir de Tipo de ítem Koha Número de copia
        Monografías: Libros y Folletos General General En catalogación 14.04.2010 LF1   987 B325n 18092-10 25.06.2020 25.06.2020 Préstamo en sala  
      Préstamo restrigido Monografías: Libros y Folletos General General En catalogación 11.02.2011 LF1   987 B325n 18092-20 25.06.2020 25.06.2020 Préstamo en sala e.2

Powered by Koha